000 00332nam a22001337a 4500
008 170510b xxu||||| |||| 00| 0 eng d
020 _a9780314161857
041 _aeng
080 _a34
100 _a15
101 _aSHJ
245 _aSELECTED INTELECTUAL PROPERTY AND UNFAIR COMPETITION
_cSCHECHTER.R.E
942 _2udc
_cBK
999 _c13041
_d13041